NTA UGC NET/SET/JRF (Record no. 289963)

MARC details
000 -LEADER
fixed length control field 00396nam a22001577a 4500
003 - CONTROL NUMBER IDENTIFIER
control field OSt
020 ## - INTERNATIONAL STANDARD BOOK NUMBER
International Standard Book Number 9789355733870
082 ## - DEWEY DECIMAL CLASSIFICATION NUMBER
Classification number CE 001.2
Item number VIN/UG
100 ## - MAIN ENTRY--PERSONAL NAME
Personal name Vineet Pandey
245 ## - TITLE STATEMENT
Title NTA UGC NET/SET/JRF
Remainder of title teaching and research aptitude paper I
260 ## - PUBLICATION, DISTRIBUTION, ETC. (IMPRINT)
Place of publication, distribution, etc Delhi
Name of publisher, distributor, etc Cengage Learning India Pvt. Ltd.
Date of publication, distribution, etc 2022
300 ## - PHYSICAL DESCRIPTION
Extent 578p.
546 ## - LANGUAGE
Language note English
650 ## - SUBJECT ADDED ENTRY--TOPICAL TERM
Topical term or geographic name as entry element NET
942 ## - ADDED ENTRY ELEMENTS (KOHA)
Source of classification or shelving scheme Dewey Decimal Classification
Koha item type Books (General)
Holdings
Lost status Source of classification or shelving scheme Damaged status Not for loan Collection code Home library Current library Shelving location Date acquired Cost, normal purchase price Total Checkouts Total Renewals Full call number Barcode Checked out Date last seen Date last borrowed Koha item type
  Dewey Decimal Classification     General KAU Central Library, Thrissur KAU Central Library, Thrissur General 29/10/2022 550.00 14 8 CE 001.2 VIN/UG 232120 16/05/2026 28/04/2026 28/04/2026 Books (General)
Kerala Agricultural University Central Library
Thrissur-(Dt.), Kerala Pin:- 680656, India
Ph : (+91)(487) 2372219
E-mail: librarian@kau.in
Website: http://library.kau.in/